1878 1795 1649 1125 1968 1854 1942 1378 1481 1985 1480 1604 1932 1161 1715 1484 1174 1688 1739 1682 1842 1814 1960 1404 1281 1135 1848 1929 1371 1328 1753 1678 1092 1752 1180 1537 1968 1806 1542 1368 1597 1584 1242 1224 1604 1700 1366 1285 1744 1288 1469 1947 1175 1365 1962 1540 1235 1003 1637 1090 1781 1597 1168 1604 1919 1837 1717 1825 1535 1610 1922 1054 1274 1634 1285 1151 1516 1212 1631 1596 1708 1936 1215 1318 1951 1246 1077 1029 1357 1262 1388 1708 1161 1588 1736 1341 1616 1869 1037 BCNSPRNW ULIB Ver.6.0+V

เปลี่ยนเป็นภาษาไทย

Change to English
 แสดงรายละเอียดบรรณานุกรม
  กลับหน้าหลัก

Brief Record : Get Marc (ISO 2709) : E-mail record : QR code < ปิดหน้าต่าง
LEADER : 00000nam 2200000uu 4500
001    13399109267
003     ULIB
008    110325s2543||||th 000 0 tha d
020    9742941718
060 04 WA546^bพ487ร 2543
100 0  พวงเพชร เฉิดฉันท์พิพัฒน์
245 10 รายงานการประเมินศักยภาพการพึ่งตนเองด้านสาธารณสุขของชุมชน /^cพวงเพชร เฉิดฉันท์พิพัฒน์, วิรุณสิริ อารยวงศ์
250    พิมพ์ครั้งที่ 1
260    กรุงเทพฯ :^bสำนักงานคณะกรรมการสาธารณสุขมูลฐาน,^c2543
300    87 หน้า ;^c29 ซม.
650  7 การพัฒนาชุมชน
650  7 การพึ่งตนเอง
650  7 สาธารณสุขมูลฐาน
650  7 อนามัยชุมชน
700 0  วิรุณศิริ อารยวงศ์
710 2  สำนักงานคณะกรรมการการสาธารณสุขมูลฐาน
945    ^p0^l0^i014385
945    ^p0^l0^i016565
995    ทศพร
999 ^a ใช้งานได้ทุกระบบ
รายการนี้ยังไม่มีแท็ก
คุณยังไม่ได้ล็อกอิน คุณสามารถมีกิจกรรมร่วมกับเว็บไซต์ได้ แต่ต้องล็อกอินก่อน ::
  ล็อกอิน

รายการสื่อสารสนเทศ

ลำดับที่ ประเภท เลขเรียก/บาร์โค้ด สถานที่ สถานะ
- ไม่พบข้อมูล -

รายการใกล้เคียง
    หัวเรื่อง [การพัฒนาชุมชน]
    หัวเรื่อง [การพึ่งตนเอง]
    หัวเรื่อง [สาธารณสุขมูลฐาน]
    หัวเรื่อง [อนามัยชุมชน]

BibComment


ยังไม่เคยถูกคอมเมนท์

คอมเมนท์ทรัพยากรรายการนี้
  คอมเมนท์: รายงานการประเมินศ..


 Copyright 2026. Bcnsprnw @Library